Missing Word: That '70s Show Actors Quiz Stats

Quiz Updated Oct 6, 2016

Challenge
Share
Tweet
Embed
Score 0/20 Timer 03:00
0 Plays Today
Actor/Actress Missing Word % Correct
Ashton KutcherYear's
95.9%
Ashton KutcherStrings
95.4%
Mila KunisFriends
95.3%
Ashton KutcherVegas
93.9%
Topher GraceLisa
91.5%
Mila KunisSarah
90.5%
Ashton KutcherWho
89.1%
Mila KunisBook
84.8%
Topher GraceHome
83.1%
Mila KunisSwan
78.6%
Actor/Actress Missing Word % Correct
Topher GraceWin
74.5%
Ashton KutcherButterfly
72.7%
Danny MastersonEach
71.6%
Danny MastersonMan
61.2%
Danny MastersonWar
57.4%
Topher GraceCompany
33.1%
Danny MastersonNowhere
26.8%
Topher GraceWedding
5.9%
Mila KunisAfter
5.1%
Danny MastersonSmiley
3.9%

Today's Daily Dose

Missing Word
NPR Programs

Quick Pick
1991 Events

On This Day
June 18th II

You're not logged in!

Compare scores with friends on all Sporcle quizzes.
Join for Free
OR
Log In

You Might Also Like...

Show Comments

Extras

Top Quizzes Today


Score Distribution

Your Account Isn't Verified!

In order to create a playlist on Sporcle, you need to verify the email address you used during registration. Go to your Sporcle Settings to finish the process.

Report this User

Report this user for behavior that violates our Community Guidelines.

Details: